[Event "57th World Juniors 2018"]
[Site "Manavgat TUR"]
[Date "2018.09.06"]
[Round "2.35"]
[White "Petrosyan, Manuel"]
[Black "Tuncer, Tuna"]
[Result "1-0"]
[WhiteTitle "GM"]
[BlackTitle "FM"]
[WhiteElo "2581"]
[BlackElo "2342"]
[WhiteFideId "13300857"]
[BlackFideId "6349269"]
[EventDate "2018.09.05"]

1. d4 f5 2. c4 Nf6 3. Nf3 e6 4. Nc3 b6 5. g3 Bb7 6. Bg2 d5 7. Bg5 h6 8. Bxf6
Qxf6 9. Ne5 c6 10. cxd5 exd5 11. Qa4 Kd8 12. O-O Bd6 13. f4 a5 14. Qb3 Nd7 15.
e3 Qe6 16. Rac1 Ke7 17. Nxd7 Qxd7 18. Na4 b5 19. Nb6 Qe6 20. Nxa8 Rxa8 21. a4 b4
22. Rf2 Kd7 23. Bf1 Kc7 24. Rfc2 Kb6 25. Qd3 g6 26. Be2 Rc8 27. Kf2 Be7 28. b3
Rc7 29. Rg1 h5 30. h3 Bc8 31. Qd2 Bb7 32. Bd3 Bc8 33. Qe2 Bd7 34. Qf3 Rc8 35.
Ke1 Re8 36. Kd2 Ka7 37. Rcc1 Bd8 38. Bf1 Bb6 39. Qe2 Kb8 40. Qf2 Qf6 41. Be2 Qe7
42. Bf3 c5 43. Rge1 Be6 44. dxc5 Bxc5 45. Qe2 Bd7 46. Bxd5 Qd6 47. Qd3 Rd8 48.
Bf3 Qb6 49. Ke2 Bxa4 50. Qxd8+ Qxd8 51. bxa4 Qb6 52. Red1 b3 53. Rd3 b2 54. Rb1
Kc7 55. Rc3 Kd8 56. Bd5 Be7 57. Rb3 Qa6+ 58. Rd3 Qf6 59. Rb3 Qa6+ 60. Rd3 Qf6
61. Bc4+ Kc7 62. Bb5 Bb4 63. Rb3 h4 64. R3xb2 hxg3 65. Rc2+ Kb8 66. Kf3 Qe7 67.
Bc6 g5 68. Rd1 g4+ 69. hxg4 fxg4+ 70. Kxg4 Bd6 71. Kf3 Bc5 72. Be4 Bb6 73. Rb2
Ka7 74. Rbd2 Qc5 75. Rd7+ Kb8 76. R1d3 Bc7 77. Rh7 Qc1 78. Kxg3 Qg1+ 79. Kf3
Qf1+ 80. Kg4 Qg1+ 81. Kf5 Qg8 82. Rdd7 Qe8 83. Bd5 Qf8+ 84. Kg4 Qf6 85. Be4 Qa1
86. Rdg7 Qd1+ 87. Bf3 Qd8 88. Kg3 Qf8 89. Bg4 Qc5 90. Rg8+ Ka7 91. Bf3 Kb6 92.
Rh6+ Bd6 93. Rgg6 Qxe3 94. Rxd6+ Kc5 95. Rhe6 Qg1+ 96. Bg2 Kb4 97. Re4+ Kc3 98.
Rd5 Qa7 99. Ree5 Qg7+ 100. Rg5 Qa7 101. Rc5+ Kb4 102. Bf3 Qe7 103. Rce5 Qa7 104.
Re4+ Ka3 105. Bg2 Qg1 106. Rxa5 1-0

[Event "57th World Juniors 2018"]
[Site "Manavgat TUR"]
[Date "2018.09.06"]
[Round "2.36"]
[White "Murzin, Volodar"]
[Black "Martinez Alcantara, Jose Eduardo"]
[Result "0-1"]
[WhiteTitle "FM"]
[BlackTitle "GM"]
[WhiteElo "2349"]
[BlackElo "2565"]
[WhiteFideId "44155573"]
[BlackFideId "3805662"]
[EventDate "2018.09.05"]

1. e4 e5 2. Nf3 Nc6 3. Bc4 Bc5 4. d3 Nf6 5. O-O d6 6. c3 O-O 7. a4 a6 8. Nbd2
Ba7 9. Re1 Ne7 10. Nf1 Ng6 11. Be3 Bxe3 12. fxe3 c6 13. Ng3 d5 14. exd5 cxd5 15.
Ba2 Be6 16. d4 e4 17. Nd2 b5 18. Bb3 Rb8 19. axb5 axb5 20. Qe2 Qd6 21. Nh5 Nxh5
22. Qxh5 f5 23. g3 Rfc8 24. Qe2 Qb6 25. Ra2 Ra8 26. Rea1 Rxa2 27. Rxa2 Nf8 28.
Qf1 h6 29. Qa1 b4 30. Ra5 bxc3 31. bxc3 Qd6 32. Ra7 Nd7 33. Qa5 Nf6 34. Ra6 Rc6
35. Rxc6 Qxc6 36. Ba4 Qc8 37. Bb5 Kh7 38. Nf1 Bf7 39. Be2 Qb7 40. Qb5 Qc8 41.
Qc5 Qa8 42. Qc7 Bg6 43. Qb6 Qa2 44. Bd1 Qa1 45. Qb3 Be8 46. h3 Qa6 47. Qb2 Bb5
48. Qf2 Qc8 49. Qe1 g5 50. Be2 Bxe2 51. Qxe2 Qxc3 52. Qf2 Kg6 53. Kg2 Qc1 54.
Qe2 Qa1 55. Qd2 Qa4 56. Kg1 Ne8 57. Qc1 Qc4 58. Qd2 Qd3 59. Qa2 Nf6 60. Qf2 Qd1
61. Kg2 Nh5 62. Nh2 Nf6 63. Nf1 Ne8 64. Nh2 Nd6 65. Qa2 f4 66. gxf4 Nf5 67. Ng4
Nxe3+ 68. Nxe3 Qf3+ 69. Kh2 Qxf4+ 70. Kg2 Qf3+ 71. Kh2 Qxe3 72. Qxd5 Qf2+ 73.
Kh1 Qf1+ 74. Kh2 Qf4+ 75. Kg2 Kh5 76. Qe6 Qf3+ 77. Kh2 e3 78. Kg1 Qf2+ 79. Kh1
Qf3+ 80. Kg1 e2 0-1

[Event "57th World Juniors 2018"]
[Site "Manavgat TUR"]
[Date "2018.09.06"]
[Round "2.39"]
[White "Thybo, Jesper Sondergaard"]
[Black "Nogerbek, Kazybek"]
[Result "1/2-1/2"]
[WhiteTitle "IM"]
[BlackTitle "FM"]
[WhiteElo "2499"]
[BlackElo "2261"]
[WhiteFideId "1438832"]
[BlackFideId "13710427"]
[EventDate "2018.09.05"]

1. d4 Nf6 2. c4 e6 3. Nf3 d5 4. g3 Be7 5. Bg2 O-O 6. O-O dxc4 7. Qc2 a6 8. a4
Bd7 9. Rd1 Bc6 10. Bg5 Nbd7 11. Nbd2 h6 12. Bxf6 Nxf6 13. Nxc4 Be4 14. Qc1 Rc8
15. Nfe5 Bxg2 16. Kxg2 Bd6 17. Nd3 Qe7 18. Rd2 Rfd8 19. Rc2 Qf8 20. Na5 Rb8 21.
Qe3 c6 22. Qf3 Nd5 23. Nb3 Nb4 24. Nxb4 Bxb4 25. a5 Rd5 26. Ra4 Rbd8 27. Rc4 Rb5
28. Qe4 Be7 29. Qc2 e5 30. dxe5 Rxe5 31. Nc1 Red5 32. Nd3 Qe8 33. Ra1 Qd7 34. b4
Rd4 35. Kg1 Qe6 36. Rxd4 Rxd4 37. Rb1 Qe4 38. Qb2 h5 39. Nc5 Qd5 40. Qb3 Qxb3
41. Rxb3 Bxc5 42. bxc5 Rc4 43. Rxb7 Rxc5 44. Rb6 1/2-1/2

[Event "57th World Juniors 2018"]
[Site "Manavgat TUR"]
[Date "2018.09.06"]
[Round "2.40"]
[White "Kevlishvili, Robby"]
[Black "Vanczak, Tamas"]
[Result "1-0"]
[WhiteTitle "IM"]
[BlackTitle "FM"]
[WhiteElo "2485"]
[BlackElo "2276"]
[WhiteFideId "1040634"]
[BlackFideId "759929"]
[EventDate "2018.09.05"]

1. e4 e5 2. Nf3 Nc6 3. Bb5 a6 4. Ba4 Nf6 5. O-O Be7 6. Re1 b5 7. Bb3 d6 8. c3
O-O 9. h3 Nb8 10. d4 Nbd7 11. Nbd2 Bb7 12. Bc2 Re8 13. a4 c5 14. d5 c4 15. b4
cxb3 16. Nxb3 Qc7 17. Be3 Rec8 18. Bd3 Qb8 19. axb5 axb5 20. Bd2 Nc5 21. Nxc5
Rxc5 22. Qb3 Rxa1 23. Rxa1 Qc8 24. Ra5 Bd8 25. Rxb5 Rxb5 26. Qxb5 Nd7 27. Be3 h6
28. Nd2 Bg5 29. Bxg5 hxg5 30. Nb3 Qxc3 31. Qxd7 Qxb3 32. Bf1 Qb4 33. Qe8+ Kh7
34. Qxf7 Qb1 35. Qh5+ Kg8 36. Qe8+ Kh7 37. Qb8 Qb4 38. g3 Qb6 39. Bg2 Qb1+ 40.
Kh2 Qb6 41. Kg1 Qb1+ 42. Bf1 Qb6 43. Qe8 Qb1 44. Qh5+ Kg8 45. Qe2 Bc8 46. Kg2
Bd7 47. Qc4 g6 48. Kh2 Qe1 49. Bg2 Kf7 50. Qc7 Ke7 51. Qa7 Qe2 52. Qb6 Qd2 53.
Bf1 Qe1 54. Bd3 Qd1 55. Qe3 Kf6 56. Be2 Qe1 57. Qf3+ Ke7 58. Kg2 Qc1 59. Bd1 Qd2
60. Qb3 Qe1 61. Bf3 Qc1 62. Bg4 Bxg4 63. hxg4 Qe1 64. Qc2 Kf6 65. Kf3 Qf1 66.
Qd2 Kf7 67. Qb4 Ke7 68. Ke3 Qd1 69. Qc4 Kf6 70. Qe2 Qa1 71. Qd2 Qf1 72. Qd3 Qe1+
73. Kf3 Qh1+ 74. Ke2 Qc1 75. Qa6 Qc2+ 76. Kf3 Ke7 77. Qb6 Qc4 78. Qe3 Kf6 79.
Qe2 Qa4 80. Qd3 Ke7 81. Qc3 Kd7 82. Qc1 Qb3+ 83. Kg2 Qb4 84. Kh2 Qxe4 85. Qc6+
Ke7 86. Qc7+ Ke8 87. Qxd6 Qd4 88. Qxg6+ Kd7 89. Qf7+ Kd8 90. Kg2 Qe4+ 91. Qf3
Qd4 92. Qf6+ Kd7 93. Qc6+ Ke7 94. Qe6+ Kd8 95. Kg1 Qe4 96. Qd6+ Ke8 97. Qc6+ Kd8
98. Qa8+ Kd7 99. Qb7+ Kd8 100. Qb8+ Kd7 101. Qb5+ Kd8 102. d6 Qxg4 103. Qa5+ 1-0

[Event "57th World Juniors 2018"]
[Site "Manavgat TUR"]
[Date "2018.09.06"]
[Round "2.41"]
[White "Tutisani, Noe"]
[Black "Samani, Yamac"]
[Result "1/2-1/2"]
[WhiteTitle "IM"]
[BlackTitle "FM"]
[WhiteElo "2471"]
[BlackElo "2226"]
[WhiteFideId "13602853"]
[BlackFideId "6352634"]
[EventDate "2018.09.05"]

1. e4 c5 2. Nf3 Nc6 3. d4 cxd4 4. Nxd4 g6 5. c4 Nf6 6. Nc3 d6 7. Be2 Nxd4 8.
Qxd4 Bg7 9. Bg5 O-O 10. Qd2 a5 11. O-O a4 12. Rfd1 Qa5 13. Rac1 Be6 14. f3 Rfc8
15. Nb5 Qxd2 16. Rxd2 Kf8 17. Be3 Nd7 18. Nd4 Nc5 19. Nxe6+ fxe6 20. Rb1 Ra6 21.
b4 axb3 22. axb3 Ra3 23. Bd1 Rca8 24. Kf2 Bc3 25. Rc2 Bb4 26. Ke2 Ra1 27. Rbb2
e5 28. Bd2 Bxd2 29. Rxd2 Ne6 30. Kd3 Rc1 31. Rbc2 Rb1 32. Rb2 Rc1 33. Rbc2 Rb1
34. Rb2 Rc1 1/2-1/2

[Event "57th World Juniors 2018"]
[Site "Manavgat TUR"]
[Date "2018.09.06"]
[Round "2.43"]
[White "Batsuren, Dambasuren"]
[Black "Cirovic, Miroljub"]
[Result "1-0"]
[WhiteTitle "IM"]
[WhiteElo "2446"]
[BlackElo "2181"]
[WhiteFideId "4902920"]
[BlackFideId "16502868"]
[EventDate "2018.09.05"]

1. d4 Nf6 2. c4 e6 3. Nf3 b6 4. a3 Ba6 5. Qc2 Bb7 6. Nc3 c5 7. Bf4 cxd4 8. Nxd4
a6 9. Rd1 d6 10. Bg3 Qc7 11. e4 Be7 12. Be2 O-O 13. O-O Nbd7 14. Qb1 Nc5 15. Bf3
Ncd7 16. Rc1 Rac8 17. Rfd1 Rfd8 18. Be2 Qb8 19. b4 Qa8 20. f3 Ne5 21. Qb3 Nh5
22. Bf2 Nf4 23. Bf1 Rd7 24. Na4 Bd8 25. Ne2 Nxe2+ 26. Bxe2 d5 27. cxd5 Rxc1 28.
Rxc1 exd5 29. Nxb6 Bxb6 30. Bxb6 dxe4 31. fxe4 Bxe4 32. Qc3 Nc6 33. Qc4 Qe8 34.
Qxa6 h6 35. Bf1 Rd2 36. Re1 f5 37. Qc4+ Kh8 38. Qc3 Ra2 39. b5 Ne5 40. Bd4 Nf3+
41. Qxf3 1-0

[Event "57th World Juniors 2018"]
[Site "Manavgat TUR"]
[Date "2018.09.06"]
[Round "2.44"]
[White "Ongut, Tamas Gunes"]
[Black "Mohammad, Nubairshah Shaikh"]
[Result "0-1"]
[WhiteTitle "FM"]
[BlackTitle "IM"]
[WhiteElo "2121"]
[BlackElo "2443"]
[WhiteFideId "770280"]
[BlackFideId "5053196"]
[EventDate "2018.09.05"]

1. e4 g6 2. d4 Bg7 3. Nc3 c6 4. f4 d5 5. e5 Nh6 6. Nf3 f6 7. Be3 Bg4 8. Bd3 Nf5
9. Bf2 O-O 10. Ne2 Bh6 11. c3 Na6 12. Qc2 Nc7 13. Ng3 e6 14. Nxf5 exf5 15. Ng1
fxe5 16. fxe5 Qg5 17. h4 Qe7 18. Nf3 Ne6 19. O-O c5 20. dxc5 Nxc5 21. Bxc5 Qxc5+
22. Kh1 Bf4 23. Nh2 Bxh2 24. Kxh2 Qe7 25. g3 Qxe5 26. Rae1 Qd6 27. Qd2 Rad8 28.
Rf4 Rfe8 29. Rxe8+ Rxe8 30. Bf1 Re4 31. Bc4 Kg7 32. Rxe4 fxe4 33. Qxd5 Qxd5 34.
Bxd5 e3 35. Kg2 b6 36. b4 Kf6 37. Bb3 Ke5 38. Bc2 Be2 39. a3 Kd5 40. Bb3+ Ke4
41. Bc2+ Bd3 42. Bb3 b5 43. a4 Bb1 44. Kf1 Kd3 45. Ke1 Kxc3 46. Bd1 Bc2 47. Bxc2
Kxc2 48. axb5 Kd3 0-1

[Event "57th World Juniors 2018"]
[Site "Manavgat TUR"]
[Date "2018.09.06"]
[Round "2.46"]
[White "Ozen, Deniz"]
[Black "Kwon, Sehyun"]
[Result "1-0"]
[WhiteTitle "FM"]
[BlackTitle "CM"]
[WhiteElo "2431"]
[BlackElo "2129"]
[WhiteFideId "6349196"]
[BlackFideId "13203088"]
[EventDate "2018.09.05"]

1. e4 c6 2. d4 d5 3. Nc3 dxe4 4. Nxe4 Bf5 5. Ng3 Bg6 6. Nh3 e6 7. Nf4 Bd6 8. Bc4
Qc7 9. Qf3 Nf6 10. Bb3 Nbd7 11. O-O e5 12. Re1 O-O 13. Nxg6 hxg6 14. Qd3 Kh8 15.
Ne4 exd4 16. Nxf6 Nxf6 17. Qxd4 Bxh2+ 18. Kh1 Bd6 19. Bg5 Nh5 20. g4 Bf4 21. Be7
c5 22. Qxc5 Qxc5 23. Bxc5 Rfc8 24. Bd4 Nf6 25. Kg2 Rc7 26. f3 Kg8 27. c3 b6 28.
Re2 Re8 29. Rae1 Rxe2+ 30. Rxe2 Kf8 31. a4 Re7 32. Rxe7 Kxe7 33. Bc4 Nd7 34. a5
f6 35. axb6 axb6 36. Bd3 g5 37. Bb5 Bc7 38. Kf2 Nc5 39. Ke2 Ne6 40. Be3 Nf4+ 41.
Kd2 Kd6 42. b4 Bd8 43. Bf1 Kc6 44. Kc2 Be7 45. Kb3 Nd5 46. Bd4 Nf4 47. Ka4 Bd6
48. Bb5+ Kc7 49. Bc4 Kc6 50. Be3 Be5 51. Kb3 Bd6 52. Bd4 Kc7 53. Kc2 Ng6 54. Bd5
Nf4 55. Be4 Ne2 56. Be3 Be5 57. c4 Nd4+ 58. Kd3 Ne6 59. Bf2 Bd6 60. Kc3 Be5+ 61.
Kb3 Nd4+ 62. Ka4 Kd6 63. Be1 Bf4 64. Bc3 Be3 65. Bb2 Kc7 66. Ba3 Bf2 67. c5 bxc5
68. bxc5 Ne6 69. Kb5 Nd4+ 70. Kc4 Nc6 71. Kd5 Be1 72. Ke6 Ne5 73. c6 Nxc6 74.
Bxc6 Kxc6 75. Bf8 Bd2 76. Bxg7 Kc7 77. Bxf6 Kc6 78. Kf5 Kd7 79. Bxg5 Bc3 80. Be3 1-0

[Event "57th World Juniors 2018"]
[Site "Manavgat TUR"]
[Date "2018.09.06"]
[Round "2.47"]
[White "Gokerkan, Cem Kaan"]
[Black "Dionizio, Andre Filipe Nasciment"]
[Result "1-0"]
[WhiteTitle "IM"]
[WhiteElo "2416"]
[BlackElo "2010"]
[WhiteFideId "6336760"]
[BlackFideId "1920294"]
[EventDate "2018.09.05"]

1. e4 d6 2. d4 Nf6 3. Nc3 c6 4. Nf3 Bg4 5. h3 Bh5 6. Bg5 Nbd7 7. g4 Bg6 8. Qe2
Qa5 9. Bd2 e6 10. Nh4 Qd8 11. g5 Nh5 12. O-O-O Be7 13. Qg4 b5 14. f4 b4 15. Nxg6
hxg6 16. Ne2 d5 17. f5 gxf5 18. exf5 exf5 19. Qxf5 g6 20. Qg4 Nf8 21. h4 Ne6 22.
Bh3 a5 23. Rhf1 O-O 24. Ng3 Nxg3 25. Qxg3 Ng7 26. Bg4 a4 27. Bf4 b3 28. cxb3
axb3 29. Qxb3 Bd6 30. Bxd6 Qxd6 31. Rf6 Qh2 32. Qh3 Qxh3 33. Bxh3 Rxa2 34. Rxc6
Rb8 35. Rc8+ Rxc8+ 36. Bxc8 Ra4 37. b3 Ra1+ 38. Kc2 Rxd1 39. Kxd1 Ne8 40. Kd2
Kf8 41. Ke3 Ke7 42. Kf4 Kd6 43. Ba6 Nc7 44. Bd3 Ne6+ 45. Ke3 Nc7 46. Bf1 Ne6 47.
Be2 Nc7 48. Bg4 Nb5 49. h5 gxh5 50. Bxh5 Ke6 51. Bg4+ Kd6 52. b4 Nc7 53. Kf4 Na6
54. b5 Nc7 55. b6 Nb5 56. b7 Kc7 57. Ke5 Kxb7 58. Bh5 Kc7 59. Bxf7 Nd6 60. g6
Kd7 61. Be6+ 1-0

[Event "57th World Juniors 2018"]
[Site "Manavgat TUR"]
[Date "2018.09.06"]
[Round "2.48"]
[White "Tarlabasi, Emirhan"]
[Black "Secheres, Adrian-Simion"]
[Result "1/2-1/2"]
[BlackTitle "FM"]
[WhiteElo "2193"]
[BlackElo "2408"]
[WhiteFideId "6350275"]
[BlackFideId "1217445"]
[EventDate "2018.09.05"]

1. Nf3 Nf6 2. g3 g6 3. b3 Bg7 4. Bb2 O-O 5. Bg2 d6 6. d4 e5 7. dxe5 Nfd7 8. O-O
Nc6 9. c4 dxe5 10. Qd2 Re8 11. Rd1 e4 12. Nd4 e3 13. fxe3 Nce5 14. Nf3 Qe7 15.
Nc3 c6 16. Nxe5 Nxe5 17. Ne4 Bg4 18. Nd6 Rad8 19. c5 Qg5 20. Bd4 Re7 21. Rf1 Qh5
22. Rf4 g5 23. Rf2 b6 24. b4 bxc5 25. bxc5 Be6 26. Bf3 Qh6 27. Raf1 Bh3 28. Rd1
Qe6 29. Qc2 Nxf3+ 30. Rxf3 g4 31. Rf2 Bxd4 32. exd4 Rb8 33. e4 a5 34. Rf5 Qh6
35. Qf2 Qg6 36. Qf4 h6 37. Nxf7 Rb2 38. Ne5 Qg7 39. Nxc6 Reb7 40. Qe3 Rg2+ 41.
Kh1 Rbb2 42. Qb3+ Rxb3 43. axb3 Re2 44. b4 Bg2+ 45. Kg1 Bxe4 46. Re5 Rg2+ 1/2-1/2

[Event "57th World Juniors 2018"]
[Site "Manavgat TUR"]
[Date "2018.09.06"]
[Round "2.50"]
[White "Maltezeanu, Stefan"]
[Black "Gorshtein, Ido"]
[Result "0-1"]
[BlackTitle "FM"]
[WhiteElo "2089"]
[BlackElo "2383"]
[WhiteFideId "4004655"]
[BlackFideId "2815532"]
[EventDate "2018.09.05"]

1. e4 c6 2. d4 d5 3. Nc3 dxe4 4. Nxe4 Nd7 5. Ng5 Ngf6 6. Bd3 e5 7. Qe2 Qe7 8.
N1f3 exd4 9. Nxd4 Qxe2+ 10. Bxe2 Bc5 11. Nb3 Bb6 12. O-O O-O 13. Bf4 h6 14. Nf3
Re8 15. Bd3 Nd5 16. Bd2 Nf8 17. c4 Nf6 18. Rfe1 Rd8 19. Bc2 Be6 20. c5 Bxb3 21.
Bxb3 Bxc5 22. Be3 Bxe3 23. Rxe3 Ng6 24. h4 Re8 25. Rae1 Rxe3 26. Rxe3 Re8 27.
Rxe8+ Nxe8 28. h5 Nf4 29. Ne5 Nd6 30. g4 Kf8 31. Nc4 Nxc4 32. Bxc4 b5 33. Bf1
Ke7 34. f3 Ke6 35. Kf2 Ke5 36. Ke3 a6 37. Kd2 Kd4 38. a4 g6 39. axb5 axb5 40.
hxg6 fxg6 41. Be2 h5 42. gxh5 gxh5 43. Ke1 Ke3 44. Bd1 c5 45. Kf1 Kd2 46. b4
Kxd1 47. bxc5 b4 48. c6 Nd5 0-1

[Event "57th World Juniors 2018"]
[Site "Manavgat TUR"]
[Date "2018.09.06"]
[Round "2.52"]
[White "Kara, Yanki"]
[Black "Priasmoro, Novendra"]
[Result "0-1"]
[BlackTitle "FM"]
[WhiteElo "2262"]
[BlackElo "2498"]
[WhiteFideId "6370306"]
[BlackFideId "7105029"]
[EventDate "2018.09.05"]

1. d4 d6 2. c4 e5 3. Nf3 Nd7 4. Nc3 Ngf6 5. e4 g6 6. Bg5 Bg7 7. Be2 O-O 8. O-O
h6 9. Be3 Re8 10. Nd2 Ng4 11. d5 Nxe3 12. fxe3 a5 13. Bg4 Rf8 14. Qe2 h5 15. Bh3
Bh6 16. Rf3 Kg7 17. Raf1 Qe7 18. Nb3 a4 19. Nc1 Nb6 20. Bxc8 Raxc8 21. b3 axb3
22. axb3 c6 23. N1a2 cxd5 24. Nxd5 Nxd5 25. cxd5 Rc7 26. Qd3 Bg5 27. Nc3 Qd7 28.
Na4 Qe8 29. Nb6 f6 30. Rd1 Kh6 31. Nc4 Qd8 32. g3 Kg7 33. h4 Bh6 34. Kh2 Rcf7
35. Rdf1 Kg8 0-1

[Event "57th World Juniors 2018"]
[Site "Manavgat TUR"]
[Date "2018.09.06"]
[Round "2.53"]
[White "Zarubitski, Viachaslau"]
[Black "Lee, Jun Hyeok"]
[Result "1/2-1/2"]
[WhiteTitle "IM"]
[BlackTitle "FM"]
[WhiteElo "2425"]
[BlackElo "2263"]
[WhiteFideId "13509373"]
[BlackFideId "13202340"]
[EventDate "2018.09.05"]

1. e4 c6 2. Nf3 d5 3. Nc3 dxe4 4. Nxe4 Nf6 5. Qe2 Nxe4 6. Qxe4 Be6 7. b3 Nd7 8.
Bb2 Bd5 9. Qe3 Bxf3 10. Qxf3 e6 11. O-O-O a5 12. a4 Nf6 13. h4 h5 14. Bc4 Bd6
15. Rh3 Qe7 16. Kb1 O-O-O 17. Qe2 Rd7 18. Rd3 Rhd8 19. g3 Ba3 20. Rxd7 Rxd7 21.
Ba1 Bb4 22. Be5 Bd6 23. Bb2 Ba3 24. Bxa3 Qxa3 25. Qe5 Qb4 26. c3 Qb6 27. d4 c5
28. Kb2 cxd4 29. cxd4 Rc7 30. Bb5 Kb8 31. Rc1 Ng4 32. Qxg7 Rxc1 33. Kxc1 Nxf2
34. Qe5+ Ka7 35. Bc4 Qb4 36. Kc2 Ng4 37. Qc5+ Qxc5 38. dxc5 Ne3+ 39. Kd3 Nf5 40.
Ke4 Nxg3+ 41. Kf4 Nf5 42. Kg5 Ng3 43. Kf4 Nf5 44. Kg5 Ng3 45. Kf6 Nf5 46. Kxf7
Nxh4 47. Kxe6 Ng2 48. Kd6 h4 49. Bd5 Nf4 50. Bf3 Nd3 51. Be4 Nb4 52. Ke5 Kb8 53.
Bg2 Kc7 54. Kd4 Nc2+ 55. Kc3 Ne3 56. Bf3 h3 57. b4 axb4+ 58. Kxb4 Nf5 59. a5 h2
60. a6 Nd4 61. Bh1 bxa6 62. Ka5 Nb3+ 63. Kb4 Nd4 64. Ka5 Ne6 65. Kxa6 Nxc5+ 66.
Kb5 Kd6 67. Kc4 Ne6 68. Kd3 Ke5 69. Ke3 Nd4 70. Kf2 Kf4 71. Kg2 Nf3 72. Kh3 1/2-1/2

[Event "57th World Juniors 2018"]
[Site "Manavgat TUR"]
[Date "2018.09.06"]
[Round "2.54"]
[White "Macovei, Andrei"]
[Black "Wong, Yinn Long"]
[Result "1/2-1/2"]
[WhiteTitle "FM"]
[BlackTitle "FM"]
[WhiteElo "2385"]
[BlackElo "2261"]
[WhiteFideId "13904680"]
[BlackFideId "5707684"]
[EventDate "2018.09.05"]

1. e4 c5 2. Nf3 g6 3. c3 Bg7 4. d4 cxd4 5. cxd4 d5 6. e5 Bg4 7. Bb5+ Nd7 8. Nbd2
Bxf3 9. Qxf3 a6 10. Bd3 e6 11. O-O Ne7 12. Qh3 Qb6 13. Nf3 h6 14. Be3 Nf5 15.
Bxf5 exf5 16. Rac1 Nf8 17. Rc3 Ne6 18. Rb3 Qc7 19. Rc1 Qd7 20. Rbc3 Rd8 21. g3
Kf8 22. Ne1 f6 23. f4 Kf7 24. Qg2 fxe5 25. fxe5 Bf8 26. Nd3 Be7 27. g4 Bg5 28.
Bxg5 hxg5 29. gxf5 gxf5 30. Nc5 Nxc5 31. Rxc5 Qe6 32. Rc7+ Kg6 33. Rxb7 Rc8 34.
Rbc7 Rxc7 35. Rxc7 Rc8 36. Qc2 Rxc7 37. Qxc7 f4 38. Qd6 Qxd6 39. exd6 Kf6 40.
Kg2 Ke6 41. Kf3 Kxd6 42. Kg4 1/2-1/2

[Event "57th World Juniors 2018"]
[Site "Manavgat TUR"]
[Date "2018.09.06"]
[Round "2.55"]
[White "Tuna, Alp"]
[Black "Murphy, Conor E"]
[Result "1/2-1/2"]
[WhiteTitle "FM"]
[BlackTitle "FM"]
[WhiteElo "2253"]
[BlackElo "2357"]
[WhiteFideId "6372910"]
[BlackFideId "421669"]
[EventDate "2018.09.05"]

1. d4 d5 2. Bf4 Nf6 3. e3 c5 4. c3 Nc6 5. Nd2 e6 6. Ngf3 cxd4 7. exd4 Nh5 8. Be3
Bd6 9. Ne5 g6 10. g4 Ng7 11. Ndf3 h5 12. Bg5 Qb6 13. Bf6 Rg8 14. Qd2 hxg4 15.
Nxg4 Nh5 16. Nfe5 Nxe5 17. dxe5 Bc5 18. O-O-O Kd7 19. Bg2 Kc7 20. Bg5 a5 21. Bf3
Bd7 22. Kb1 Bc6 23. h4 Rac8 24. Rh2 Kb8 25. Nf6 Nxf6 26. Bxf6 d4 27. Bxc6 dxc3
28. Qxc3 Rxc6 29. Qb3 Bxf2 30. Be7 Qxb3 31. axb3 Bc5 32. Bf6 Rgc8 33. h5 gxh5
34. Rxh5 Be3 35. Rh7 Rc1+ 36. Rxc1 Rxc1+ 37. Ka2 Bd4 38. Rxf7 Rc2 39. Rd7 Rxb2+
40. Ka3 Bc3 41. Rd6 Ka7 42. Ka4 Bb4 43. Rxe6 Ra2+ 44. Kb5 Rc2 45. Be7 Rc6 46.
Rxc6 bxc6+ 47. Kxc6 Bxe7 48. Kb5 Bb4 49. e6 Kb7 50. e7 Bxe7 1/2-1/2

[Event "57th World Juniors 2018"]
[Site "Manavgat TUR"]
[Date "2018.09.06"]
[Round "2.56"]
[White "Bashirli, Nail"]
[Black "Noboa, Kevin"]
[Result "1/2-1/2"]
[WhiteTitle "IM"]
[BlackTitle "FM"]
[WhiteElo "2354"]
[BlackElo "2256"]
[WhiteFideId "13406809"]
[BlackFideId "3618471"]
[EventDate "2018.09.05"]

1. e4 e6 2. d3 d5 3. Qe2 Nf6 4. Nf3 dxe4 5. dxe4 b6 6. e5 Ba6 7. c4 Nfd7 8. Nc3
Nc6 9. Bf4 Qc8 10. g3 Bb7 11. Bg2 Nd4 12. Nxd4 Bxg2 13. Rg1 Bb7 14. O-O-O Be7
15. Rge1 O-O 16. Qg4 Rd8 17. Nd5 Bxd5 18. cxd5 Nf8 19. dxe6 Nxe6 20. Nf5 Rxd1+
21. Rxd1 Qe8 22. Be3 Bf8 23. h4 Kh8 24. h5 h6 25. Qc4 Rd8 26. Rxd8 Qxd8 27. Nd4
Nxd4 28. Qxd4 Qe8 29. Qd5 c6 30. Qe4 Qe6 31. b3 Ba3+ 32. Kc2 Be7 33. f4 f5 34.
Qd3 Kg8 35. Qa6 Qd7 36. Qc4+ Kf8 37. Bd4 c5 38. Bc3 b5 39. e6 Qc6 40. Qe2 Bf6
41. Bxf6 gxf6 42. Qd3 Qxe6 43. Qxb5 Qe4+ 44. Kb2 Qd4+ 45. Ka3 Ke7 46. Qc4 Kd6
47. Qa6+ Kd5 48. Qb7+ Kd6 49. Qb8+ Kc6 50. Qc8+ Kb6 51. Qb8+ Ka6 52. Qc8+ Kb6
53. Qe6+ Kb5 54. Qxf5 Qb4+ 55. Kb2 Qd4+ 56. Kc2 Qf2+ 57. Kc1 Qg1+ 58. Kd2 Qf2+
59. Kc1 Qg1+ 60. Kc2 Qf2+ 61. Kb1 Qg1+ 62. Kb2 Qd4+ 1/2-1/2

[Event "57th World Juniors 2018"]
[Site "Manavgat TUR"]
[Date "2018.09.06"]
[Round "2.57"]
[White "Nalbant, Tuna Onat"]
[Black "Wadsworth, Matthew J"]
[Result "1-0"]
[WhiteTitle "FM"]
[BlackTitle "FM"]
[WhiteElo "2241"]
[BlackElo "2351"]
[WhiteFideId "6372821"]
[BlackFideId "415804"]
[EventDate "2018.09.05"]

1. e4 c5 2. Nf3 e6 3. d4 cxd4 4. Nxd4 Nc6 5. Nc3 Qc7 6. f4 a6 7. Nxc6 Qxc6 8.
Bd3 b5 9. Qe2 Bb7 10. Bd2 Nf6 11. e5 b4 12. exf6 bxc3 13. Bxc3 gxf6 14. O-O-O
Be7 15. g4 Qa4 16. Rhf1 Rc8 17. Kb1 Rxc3 18. bxc3 Bd5 19. Kc1 Qa3+ 20. Kd2 O-O
21. Qe3 Rc8 22. Qh3 Qxc3+ 23. Ke2 Be4 24. Qe3 Bg2 25. Rf2 Qc6 26. Qg3 Be4 27.
Qe3 d5 28. Rff1 Bc5 29. Qg3 Qa4 30. Qh4 Bd4 31. Rd2 Bc3 32. Rdd1 Qxa2 33. Qg3
Bb4 34. Bxe4 Rxc2+ 35. Bxc2 Qxc2+ 36. Rd2 Qxd2+ 37. Kf3 a5 38. Qf2 Qxf2+ 39.
Rxf2 e5 40. Rc2 1-0

[Event "57th World Juniors 2018"]
[Site "Manavgat TUR"]
[Date "2018.09.06"]
[Round "2.59"]
[White "Pigeat, Alexandre"]
[Black "Thilakarathne, G M H"]
[Result "0-1"]
[WhiteTitle "FM"]
[BlackTitle "FM"]
[WhiteElo "2347"]
[BlackElo "2238"]
[WhiteFideId "20649444"]
[BlackFideId "9912053"]
[EventDate "2018.09.05"]

1. d4 Nf6 2. c4 e6 3. Nc3 Bb4 4. e3 O-O 5. Ne2 c6 6. a3 Ba5 7. b4 Bc7 8. e4 d6
9. Ng3 a5 10. Rb1 axb4 11. axb4 c5 12. Be2 Nc6 13. bxc5 dxc5 14. d5 Nd4 15. O-O
exd5 16. exd5 Re8 17. Be3 Nxe2+ 18. Ncxe2 Bg4 19. Rxb7 h5 20. Qd3 h4 21. Nh1 h3
22. Nhg3 hxg2 23. Rfb1 Bc8 24. R7b3 Ng4 25. h3 Nxe3 26. fxe3 Ra2 27. e4 Be5 28.
Ra3 Rxa3 29. Qxa3 Qh4 30. Rb3 Bxh3 31. Qxc5 Ra8 32. Ra3 Rb8 33. Kh2 Rb1 34. Ng1
Bf5+ 35. Kxg2 Bxe4+ 36. Nxe4 Qh2+ 37. Kf3 Qf4+ 38. Kg2 Qh2+ 39. Kf3 Qf4+ 40. Kg2
Qxe4+ 41. Nf3 Rb2+ 42. Qf2 Qg4+ 43. Kf1 Qxc4+ 44. Kg1 Rxf2 45. Ra8+ Kh7 46. Kxf2
Qxd5 47. Ra6 Qc5+ 48. Kg2 Qc2+ 49. Kh3 Qf5+ 50. Kg2 Qg4+ 51. Kf2 Bg3+ 52. Kg1
Bh4+ 0-1